Pathfinders could increase homelessness (Record no. 74675)

MARC details
000 -LEADER
fixed length control field 01278cab a2200205 4500
001 - CONTROL NUMBER
control field WB@3612-518
008 - FIXED-LENGTH DATA ELEMENTS--GENERAL INFORMATION
fixed length control field 041215n2004 000 0 eng u
035 ## - SYSTEM CONTROL NUMBER
System control number (Sirsi) u128313
245 ## - TITLE STATEMENT
Title Pathfinders could increase homelessness
260 ## - PUBLICATION, DISTRIBUTION, ETC.
Date of publication, distribution, etc. 2004
490 ## - SERIES STATEMENT
Series statement Inside Housing
Volume/sequential designation 10 December 2004, 4(1)
490 ## - SERIES STATEMENT
Series statement Shelter Press Release
Volume/sequential designation 10 December 2004 (2)
520 ## - SUMMARY, ETC.
Summary, etc. Shelter has published "On the up?". The report looks at regeneration programmes in the north of England and has warned that as result of such programmes, house prices in those areas will rise. Regeneration encourages property speculation and could affect affordability - at the same time as 167 000 homes are being demolished in those areas. House prices are rising faster in the north than anywhere else in the country and families could be pushed out of buying or private renting and this could lead to an increase in homelessness. The report is available to download from the website. http://england.shelter.org.uk/home/home-624.cfm/pr essreleaselisting/1/pressrelease/125/
590 ## - LOCAL NOTE (RLIN)
Local note WB
650 ## - SUBJECT ADDED ENTRY--TOPICAL TERM
Topical term or geographic name entry element MARKET RENEWAL PATHFINDER AREAS
650 ## - SUBJECT ADDED ENTRY--TOPICAL TERM
Topical term or geographic name entry element REGENERATION PROGRAMMES
650 ## - SUBJECT ADDED ENTRY--TOPICAL TERM
Topical term or geographic name entry element HOMELESSNESS
690 ## - LOCAL SUBJECT ADDED ENTRY--TOPICAL TERM (OCLC, RLIN)
Topical term or geographic name as entry element PROPERTY-RESIDENTIAL PROPERTY-RESIDENTIAL PROPERTY MARKET
942 ## - ADDED ENTRY ELEMENTS (KOHA)
Suppress in OPAC 0
Holdings
Withdrawn status Lost status Source of classification or shelving scheme Damaged status Not for loan Home library Current library Shelving location Date acquired Total Checkouts Full call number Barcode Date last seen Copy number Price effective from Koha item type
    Other/Generic Classification Scheme     London London RICS Boxes 16/12/2004   WB@3612-518 128313-1001 06/08/2019 1 06/08/2019 Book